Philippine Presidents (2024) - Statistics

General Stats
  • This quiz has been taken 24 times
  • The average score is 10 of 16
Answer Stats
Picture Answer % Correct
Gloria Macapagal-Arroyo
85%
Bongbong Marcos
80%
Emilio Aguinaldo
80%
Rodrigo Duterte
80%
Corazon Aquino
75%
Diosdado Macapagal
75%
Ferdinand Marcos Sr.
75%
Joseph Estrada
75%
Manuel Quezon
70%
Manuel Roxas
65%
Benigno Aquino III
60%
Fidel Ramos
55%
Elpidio Quirino
50%
Ramon Magsaysay
50%
Carlos Garcia
30%
Sergio Osmenia
5%
No matching quizzes found
Score Distribution
Percent of People with Each Score
Percentile by Number Answered
Your Score History
You have not taken this quiz